000 00284nam a2200109Ia 4500
008 220204s9999 xx 000 0 und d
082 _a681.31C
_bSMI
100 _aSmitha, Norman E
245 0 _aWrite your own programming language using C++
260 _aDelhi
_bBPB
_c1992
942 _cBK
999 _c40617
_d40617